Graph theory : (Record no. 2873)

MARC details
000 -LEADER
fixed length control field 01136nac a22003011i 4500
003 - CONTROL NUMBER IDENTIFIER
control field EG-ScBUE
005 - DATE AND TIME OF LATEST TRANSACTION
control field 20240905084257.0
008 - FIXED-LENGTH DATA ELEMENTS--GENERAL INFORMATION
fixed length control field 240905s2007 njua f b 001 0 eng d
020 ## - INTERNATIONAL STANDARD BOOK NUMBER
International Standard Book Number 9780131423848
020 ## - INTERNATIONAL STANDARD BOOK NUMBER
International Standard Book Number 0131565362
035 ## - SYSTEM CONTROL NUMBER
System control number (OCoLC)ocm76941007
040 ## - CATALOGING SOURCE
Original cataloging agency EG-ScBUE
Language of cataloging eng
Description conventions rda
Transcribing agency EG-ScBUE
Modifying agency EG-ScBUE
082 04 - DEWEY DECIMAL CLASSIFICATION NUMBER
Classification number 511.5
Item number AGN
Edition number 22
100 1# - MAIN ENTRY--PERSONAL NAME
Personal name Agnarsson, Geir,
Relator term author.
245 10 - TITLE STATEMENT
Title Graph theory :
Remainder of title modeling, applications, and algorithms /
Statement of responsibility, etc Geir Agnarsson, Department of Mathematics, George Mason University, Raymond Greenlaw, School of Computing, Armstrong Atlantic State University.
250 ## - EDITION STATEMENT
Edition statement Pearson international edition.
264 #1 - PUBLICATION, DISTRIBUTION, ETC. (IMPRINT)
Place of publication, distribution, etc Upper Saddle River, N.J. :
Name of publisher, distributor, etc Pearson Prentice Hall,
Date of publication, distribution, etc 2007.
300 ## - PHYSICAL DESCRIPTION
Extent xvii, 446 pages :
Other physical details illustrations ;
Dimensions 25 cm
336 ## - CONTENT TYPE
Source rdacontent
Content type term text
Content type code txt
337 ## - MEDIA TYPE
Media type term unmediated
Source rdamedia
Media type code n
338 ## - CARRIER TYPE
Carrier type term volume
Carrier type code nc
Source rdacarrier
504 ## - BIBLIOGRAPHY, ETC. NOTE
Bibliography, etc Includes bibliographical references and index.
650 #7 - SUBJECT ADDED ENTRY--TOPICAL TERM
Topical term or geographic name as entry element Graph theory.
Source of heading or term BUEsh
650 #7 - SUBJECT ADDED ENTRY--TOPICAL TERM
Topical term or geographic name as entry element Algorithms.
Source of heading or term BUEsh
655 ## - INDEX TERM--GENRE/FORM
Form subdivision Reading book
700 1# - ADDED ENTRY--PERSONAL NAME
Personal name Greenlaw, Raymond,
Relator term author.
942 ## - ADDED ENTRY ELEMENTS (KOHA)
Koha item type Book - Borrowing
Source of classification or shelving scheme Dewey Decimal Classification
Holdings
Withdrawn status Lost status Source of classification or shelving scheme Damaged status Not for loan Collection code Home library Current library Shelving location Date acquired Source of acquisition Total Checkouts Full call number Barcode Date last seen Price effective from Koha item type Total Renewals Date checked out Cost, replacement price
    Dewey Decimal Classification     Baccah Central Library Central Library First floor 07/03/2008 Purchase   511.5 AGN 000001348 15/07/2025 08/03/2007 Book - Borrowing      
    Dewey Decimal Classification     Baccah Central Library Central Library First floor 25/03/2008 Purchase 3 511.5 AGN 000010752 15/07/2025 25/03/2008 Book - Borrowing 10 18/03/2025 224.00